تضاريس الأرض و معالمها / (رقم التسجيلة. 52421)

تفاصيل مارك
000 -LEADER
fixed length control field 00475nam a22001577a 4500
005 - DATE AND TIME OF LATEST TRANSACTION
control field 20251108170930.0
008 - FIXED-LENGTH DATA ELEMENTS--GENERAL INFORMATION
fixed length control field 250721s9999 xx 000 0 ara d
082 14 - DEWEY DECIMAL CLASSIFICATION NUMBER
Classification number ط/551.4/كما
100 1# - MAIN ENTRY--PERSONAL NAME
Personal name خضير، كمال
245 10 - TITLE STATEMENT
Title تضاريس الأرض و معالمها /
264 1# - PRODUCTION, PUBLICATION, DISTRIBUTION, MANUFACTURE, AND COPYRIGHT NOTICE
Place of production, publication, distribution, manufacture عمان :
Name of producer, publisher, distributor, manufacturer مطابع الجمعية العلمية الملكية،
Date of production, publication, distribution, manufacture, or copyright notice [19-].
300 ## - PHYSICAL DESCRIPTION
Extent 43ص
650 17 - SUBJECT ADDED ENTRY--TOPICAL TERM
Topical term or geographic name as entry element الجيومورفولوجيا
942 ## - ADDED ENTRY ELEMENTS (KOHA)
Source of classification or shelving scheme Dewey Decimal Classification
Koha item type كتب
المقتنيات
حالة السحب حالة الفقدان مصدر التصنيف حالة التلف غير قابل للإعارة المكتبة الرئيسية المكتبة الحالية موقع الرف تاريخ التزويد الرقم المتسلسل Total Checkouts رقم الإستدعاء تاريخ آخر ظهور تاريخ الفاتورة نوع المادة (كوها) الباركود
    Dewey Decimal Classification Unchecked   مكتبة حمزة العامة مكتبة حمزة العامة الأطفال 06/07/2004 45   ط/551.4/كما 28/07/2025 06/07/2004 كتب  
    Dewey Decimal Classification     مكتبة وادي السير العامة مكتبة وادي السير العامة الأطفال 28/10/2015 [81]..   ط/551.4/كما 28/07/2025 28/10/2015 كتب PLD00360846
Implemented & Customized by: BBB with SCIT (Smart Chains for Information Technology)

Powered by Koha